[Event "13. Lichtenberger Sommer"]
[Site "?"]
[Date "2014.08.20"]
[Round "5.77"]
[White "Stein, Siegfried"]
[Black "Wolff, Marie Antoinette"]
[Result "0-1"]
[WhiteElo "1819"]
[BlackElo "1707"]
[PlyCount "70"]
[EventDate "2014.??.??"]
[WhiteTeam "SV Berolina Mitte e.V."]
[BlackTeam "Leegebrucher Schachfreunde"]

1. e4 c5 2. Nf3 Nc6 3. d4 cxd4 4. Nxd4 d6 5. Nc3 Nf6 6. Be2 g6 7. Be3 Bg7 8.
Nb3 O-O 9. O-O a6 10. a4 Be6 11. Nd4 Qc8 12. Nxc6 bxc6 13. a5 c5 14. f3 Rb8 15.
Na4 Nd7 16. Bc1 Qc7 17. Qd2 c4 18. Kh1 Rb5 19. Nc3 Rc5 20. Qe3 Rxa5 21. Bd2
Rxa1 22. Rxa1 Nc5 23. Nd1 Rb8 24. Bc3 f6 25. Qd4 Nd7 26. Rxa6 Qc8 27. Ra7 Kf8
28. f4 Ra8 29. Ne3 Nc5 30. Rxa8 Qxa8 31. h3 Nxe4 32. Bxc4 Nxc3 33. Bxe6 Qa1+
34. Kh2 Ne2 35. Nd1 Nxd4 0-1

[Event "13. Lichtenberger Sommer"]
[Site "?"]
[Date "2014.08.20"]
[Round "5.78"]
[White "Jensen, Johnny"]
[Black "Dathe, Frederick"]
[Result "1-0"]
[WhiteElo "1873"]
[BlackElo "1594"]
[PlyCount "93"]
[EventDate "2014.??.??"]
[WhiteTeam "Aros Skakklub"]
[BlackTeam "Schachunion Berlin e.V."]

1. e4 c5 2. Nf3 a6 3. d4 cxd4 4. Nxd4 e5 5. Nf3 Nf6 6. Bg5 Be7 7. Bxf6 Bxf6 8.
Qd6 Nc6 9. Nc3 Be7 10. Qd2 d6 11. Nd5 O-O 12. O-O-O Re8 13. Be2 Kf8 14. h4 Be6
15. Ng5 Nd4 16. Nxe6+ Nxe6 17. Nxe7 Kxe7 18. Bc4 Qd7 19. Bxe6 Qxe6 20. Qg5+ Kf8
21. Rd5 Red8 22. Rhd1 h6 23. Qd2 Ke7 24. f4 f6 25. fxe5 fxe5 26. Qf2 Qf6 27.
Qg3 Rd7 28. R1d3 Qf4+ 29. Qxf4 exf4 30. Kd2 Rf8 31. c4 b6 32. Ke2 Rc8 33. b3
Rdd8 34. Kf3 Rc5 35. Kxf4 Rf8+ 36. Rf5 Rfxf5+ 37. exf5 Ra5 38. a4 Re5 39. g4
Re1 40. Re3+ Rxe3 41. Kxe3 Kd7 42. Kf4 Ke7 43. Ke4 a5 44. Kd5 Kd7 45. g5 h5 46.
f6 gxf6 47. gxf6 1-0

[Event "13. Lichtenberger Sommer"]
[Site "?"]
[Date "2014.08.20"]
[Round "5.79"]
[White "Bergmann, Jens"]
[Black "Engelhardt, Erhard"]
[Result "1-0"]
[WhiteElo "1896"]
[BlackElo "1799"]
[PlyCount "63"]
[EventDate "2014.??.??"]
[WhiteTeam "SK Tempelhof 1931 e.V."]
[BlackTeam "SSV Rotation Berlin e.V."]

1. e4 d5 2. exd5 Qxd5 3. Nc3 Qd6 4. d4 Nf6 5. Be2 c6 6. Nf3 Bf5 7. Ne5 e6 8.
O-O Qc7 9. Bf4 Bd6 10. Bg3 O-O 11. Bd3 Bxd3 12. Qxd3 Nbd7 13. f4 Rad8 14. Ne2
Rfe8 15. Qf3 Nf8 16. h4 N6d7 17. Qh5 Nf6 18. Qf3 Re7 19. h5 Bxe5 20. fxe5 Ne8
21. h6 Ng6 22. hxg7 Nxg7 23. Qg4 Nf5 24. c3 h6 25. Rf3 Kh7 26. Kf2 Rg8 27. Rxf5
exf5 28. Qxf5 Qd7 29. Qh5 Qe6 30. Rh1 Nf8 31. Nf4 Rg5 32. Qxg5 1-0

[Event "13. Lichtenberger Sommer"]
[Site "?"]
[Date "2014.08.20"]
[Round "5.80"]
[White "Geldner, Gerrit"]
[Black "Theilig, Reinhard"]
[Result "1-0"]
[WhiteElo "1713"]
[BlackElo "1675"]
[PlyCount "51"]
[EventDate "2014.??.??"]
[WhiteTeam "Schachunion Berlin e.V."]
[BlackTeam "VfB Hermsdorf e.V."]

1. c4 d6 2. d4 Nf6 3. Nc3 g6 4. Nf3 Bg7 5. e4 O-O 6. Be2 c5 7. d5 e6 8. Bg5 Qa5
9. O-O Qb6 10. Qd2 Na6 11. Rab1 exd5 12. exd5 Re8 13. Bd3 Bg4 14. Qf4 Bxf3 15.
Qxf3 Nd7 16. Qh3 Ne5 17. Ne4 Nxd3 18. Qxd3 Qc7 19. Bf6 Qd7 20. Bxg7 Kxg7 21.
Qc3+ Kh6 22. Nf6 Qf5 23. Nxe8 Rxe8 24. Rbe1 Nc7 25. Rxe8 Nxe8 26. Qe3+ 1-0

[Event "13. Lichtenberger Sommer"]
[Site "?"]
[Date "2014.08.20"]
[Round "5.81"]
[White "Peter, Volkhard"]
[Black "Ritter, Uwe"]
[Result "0-1"]
[WhiteElo "1815"]
[BlackElo "1945"]
[PlyCount "102"]
[EventDate "2014.??.??"]
[WhiteTeam "Schachclub Oranienburg e.V."]
[BlackTeam "Reideburger SV 90 Halle"]

1. e4 e5 2. f4 Bc5 3. Nf3 Nc6 4. Bc4 d6 5. d3 Nh6 6. Qe2 Bg4 7. Be3 Bxe3 8.
Qxe3 Bxf3 9. Qxf3 Nd4 10. Qd1 exf4 11. O-O Qh4 12. h3 O-O-O 13. c3 Ne6 14. Nd2
Ng5 15. Nf3 Nxf3+ 16. Rxf3 Kb8 17. Qb3 c6 18. a4 f5 19. a5 Rhe8 20. Be6 fxe4
21. dxe4 Qf6 22. a6 b6 23. Bf5 g6 24. Bg4 Nxg4 25. hxg4 Rxe4 26. Raf1 Qg5 27.
Qf7 Re7 28. Qxf4 Qxf4 29. Rxf4 Kc7 30. Rf8 Rxf8 31. Rxf8 d5 32. Ra8 Kd6 33.
Rd8+ Rd7 34. Rb8 c5 35. b3 Kc6 36. Kf2 Re7 37. g5 d4 38. cxd4 cxd4 39. Rd8 Kb5
40. Rxd4 Kxa6 41. g4 Kb5 42. Kf3 a5 43. Kf4 Kc5 44. Rd3 Kb4 45. Rd6 b5 46. Rd5
a4 47. bxa4 Kxa4 48. Re5 Rxe5 49. Kxe5 b4 50. Kf6 b3 51. Kg7 b2 0-1

[Event "13. Lichtenberger Sommer"]
[Site "?"]
[Date "2014.08.20"]
[Round "5.82"]
[White "Grassi, Fabrizio"]
[Black "Dinslage, Klaus-Dieter"]
[Result "1-0"]
[WhiteElo "1893"]
[BlackElo "1721"]
[PlyCount "98"]
[EventDate "2014.??.??"]
[WhiteTeam "SV Berlin-Friedrichstadt"]
[BlackTeam "Bahn-Schachclub Wuppertal"]

1. d4 d5 2. Bf4 e6 3. e3 Nf6 4. Nd2 c5 5. c3 c4 6. Ngf3 Nh5 7. Bg5 Nf6 8. e4
Be7 9. e5 Nfd7 10. Bxe7 Qxe7 11. Be2 b5 12. O-O O-O 13. Ne1 Nc6 14. Nc2 Bb7 15.
f4 f5 16. exf6 Nxf6 17. Bf3 Qd6 18. Qe2 Rae8 19. g3 a5 20. a3 b4 21. axb4 axb4
22. Bg2 Ra8 23. Rfe1 Rxa1 24. Rxa1 b3 25. Ne3 Ra8 26. Rxa8+ Bxa8 27. Nf3 h6 28.
Ne5 Bb7 29. Bf3 Nd8 30. Qg2 Bc8 31. h4 h5 32. Qe2 Qa6 33. Bxh5 Ne4 34. Kg2 Nxc3
35. bxc3 Qa1 36. Nd1 Qc1 37. Bf3 Qc2 38. Bg4 Nb7 39. Nc6 Kf7 40. Nb4 Qc1 41.
Qb2 Qxb2+ 42. Nxb2 Nd6 43. Bf3 Nf5 44. Kf2 Nxd4 45. cxd4 c3 46. N4d3 Ba6 47.
Bd1 Bxd3 48. Nxd3 b2 49. Bc2 Kf6 1-0

[Event "13. Lichtenberger Sommer"]
[Site "?"]
[Date "2014.08.20"]
[Round "5.83"]
[White "Schindler, Rudolf"]
[Black "Paris, Gerhard"]
[Result "1-0"]
[WhiteElo "1846"]
[BlackElo "1536"]
[PlyCount "93"]
[EventDate "2014.??.??"]
[WhiteTeam "SG Lasker Steglitz-Wilmersdorf"]
[BlackTeam "TSG Oberschöneweide e.V."]

1. Nf3 d6 2. b4 e5 3. d3 Nf6 4. Nbd2 g6 5. Bb2 Bg7 6. g3 O-O 7. Bg2 Nc6 8. b5
Ne7 9. c4 Rb8 10. O-O c6 11. a4 Bd7 12. Ra2 a6 13. Qb3 cxb5 14. axb5 axb5 15.
Rfa1 bxc4 16. Qa3 cxd3 17. Qxd3 Bc6 18. e4 Nd7 19. Qxd6 Nc8 20. Qa3 Ncb6 21.
Qe3 Qc7 22. Ba3 Rfe8 23. Rc1 Rbd8 24. Rac2 Qb8 25. Rb1 Ba4 26. Rcb2 Re6 27. Bf1
f5 28. Bh3 Ree8 29. Bf1 f4 30. Qe1 Bf6 31. Nc4 g5 32. Nxb6 h5 33. Bc4+ Kg7 34.
Nxa4 fxg3 35. hxg3 g4 36. Nh4 Bxh4 37. gxh4 Qc8 38. Bd5 b5 39. Rxb5 Qc2 40. Nb6
g3 41. R1b2 Qd3 42. R5b3 Qd4 43. Rxg3+ Kh6 44. Nxd7 Rxd7 45. Qc1+ Kh7 46. Qg5
Qa7 47. Qg6+ 1-0

[Event "13. Lichtenberger Sommer"]
[Site "?"]
[Date "2014.08.20"]
[Round "5.84"]
[White "Woinowski, Michael"]
[Black "Lübke, Thomas"]
[Result "0-1"]
[WhiteElo "1731"]
[BlackElo "1936"]
[PlyCount "124"]
[EventDate "2014.??.??"]
[WhiteTeam "SC Kreuzberg e.V."]
[BlackTeam "FVS ASP Hoyerswerda"]

1. e4 c5 2. Nf3 d6 3. d4 cxd4 4. Nxd4 Nf6 5. Nc3 a6 6. Be2 e5 7. Nb3 Be6 8. Bg5
Be7 9. Qd2 Nbd7 10. O-O Rc8 11. f4 O-O 12. Rad1 h6 13. fxe5 dxe5 14. Be3 Qc7
15. Nd5 Bxd5 16. exd5 Qxc2 17. Bf3 Bd6 18. Qa5 Qg6 19. Rc1 e4 20. Be2 Ng4 21.
Bxg4 Qxg4 22. Qd2 Ne5 23. Nd4 Nc4 24. Qf2 Qh5 25. h3 Qxd5 26. Nf5 Nxe3 27. Rxc8
Rxc8 28. Nxd6 Qxd6 29. Qxe3 Qc5 30. Re1 f5 31. Qxc5 Rxc5 32. g4 g6 33. Rd1 Rc7
34. gxf5 gxf5 35. Rd6 Kg7 36. b4 Rc6 37. Rd7+ Kg6 38. Rxb7 Kg5 39. b5 axb5 40.
Rxb5 Rc1+ 41. Kf2 Rc2+ 42. Ke3 Rxa2 43. h4+ Kg4 44. Rb6 Ra3+ 45. Ke2 Rh3 46.
Rxh6 Rxh4 47. Rg6+ Kf4 48. Rg2 Rh3 49. Kf1 Ra3 50. Re2 Rf3+ 51. Kg1 e3 52. Kg2
Rg3+ 53. Kf1 Kf3 54. Rf2+ Ke4 55. Rb2 f4 56. Rb4+ Kf3 57. Rb2 Rg8 58. Rf2+ Ke4
59. Rb2 Rd8 60. Rb4+ Kf3 61. Rb1 e2+ 62. Ke1 Rd1+ 0-1

[Event "13. Lichtenberger Sommer"]
[Site "?"]
[Date "2014.08.20"]
[Round "5.85"]
[White "Becker, Uwe"]
[Black "Herrmann, Eberhard"]
[Result "1/2-1/2"]
[WhiteElo "1743"]
[BlackElo "1852"]
[PlyCount "126"]
[EventDate "2014.??.??"]
[WhiteTeam "SV Glück auf Rüdersdorf e.V."]
[BlackTeam "SC Friesen Lichtenberg e.V."]

1. f4 d5 2. Nf3 e6 3. e3 Nf6 4. d3 Be7 5. Be2 c5 6. O-O b5 7. c3 Bb7 8. Bd2 Nc6
9. a3 O-O 10. h3 c4 11. Be1 Qc7 12. Nbd2 e5 13. fxe5 Nxe5 14. Bg3 Bd6 15. Nxe5
Bxe5 16. Bf4 Qe7 17. d4 Bxf4 18. exf4 Ne4 19. Bf3 f5 20. Nxe4 fxe4 21. Bg4 g6
22. Qe2 Rae8 23. Rae1 Qd6 24. Qe3 Rf6 25. g3 h5 26. Bd1 Ref8 27. h4 Bc8 28. Kh2
Qd7 29. Rh1 a5 30. Kg2 Qd6 31. Rhf1 R8f7 32. Rf2 Rb7 33. Rff1 Bf5 34. Bc2 b4
35. axb4 axb4 36. Rb1 Qd7 37. Ra1 Bg4 38. Ra8+ Kg7 39. Kh2 Qe7 40. Ra5 Qd8 41.
Raa1 Bf3 42. Bd1 bxc3 43. bxc3 Bxd1 44. Rfxd1 Rb3 45. Rac1 Qa5 46. Rc2 Rfb6 47.
f5 Rf6 48. fxg6 Qc7 49. Rg1 Rbb6 50. Qg5 Qd6 51. Qxh5 Rxg6 52. Ra2 Qd7 53. Qe5+
Kh7 54. Rf2 Rbe6 55. Qh5+ Kg8 56. Qf5 Rg7 57. Qf8+ Kh7 58. Qf5+ Kh8 59. Rgf1
Qd6 60. Qh5+ Rh6 61. Rf8+ Kh7 62. Qf5+ Rhg6 63. Qh5+ Rh6 1/2-1/2

[Event "13. Lichtenberger Sommer"]
[Site "?"]
[Date "2014.08.20"]
[Round "5.86"]
[White "Bauer, Stefan"]
[Black "Boeck, Rüdiger"]
[Result "0-1"]
[WhiteElo "1614"]
[BlackElo "1815"]
[PlyCount "68"]
[EventDate "2014.??.??"]
[WhiteTeam "SC Kreuzberg e.V."]
[BlackTeam "SC Weiße Dame Ulm e.V."]

1. Nf3 Nf6 2. d4 d5 3. Nbd2 Bf5 4. e3 Nbd7 5. Be2 e6 6. O-O Be7 7. Ne5 Nxe5 8.
dxe5 Nd7 9. f4 h6 10. b3 Bc5 11. Nf3 c6 12. c3 g5 13. b4 Bb6 14. Nd4 gxf4 15.
Nxf5 exf5 16. Rxf4 Qg5 17. e6 Qxf4 18. exd7+ Kxd7 19. Kh1 Bxe3 20. b5 Bxc1 21.
Rxc1 Rae8 22. bxc6+ bxc6 23. Bf3 Qc4 24. Qc2 Re5 25. Qb1 Kc7 26. Qc2 Rhe8 27.
Qf2 Re3 28. Qg3+ f4 29. Qh4 Qxc3 30. Qxf4+ Qe5 31. Qxf7+ Re7 32. Rxc6+ Kxc6 33.
Qg6+ Re6 34. Qc2+ Kd6 0-1

[Event "13. Lichtenberger Sommer"]
[Site "?"]
[Date "2014.08.20"]
[Round "5.87"]
[White "Hörmann, David"]
[Black "Lange, Cecilia"]
[Result "1-0"]
[WhiteElo "1983"]
[BlackElo "1553"]
[PlyCount "57"]
[EventDate "2014.??.??"]
[WhiteTeam "SC Weisse Dame e.V."]
[BlackTeam "TSG Oberschöneweide e.V."]

1. e4 c6 2. d4 d5 3. Nc3 dxe4 4. Nxe4 Nd7 5. Bc4 Ngf6 6. Ng3 e6 7. Nf3 Be7 8.
O-O O-O 9. Qe2 b6 10. Re1 Re8 11. Bf4 Bb7 12. Ne5 Nxe5 13. dxe5 Nd5 14. Bd2 Qd7
15. Bd3 c5 16. a3 Nc7 17. Qg4 Qd5 18. Nh5 g6 19. Nf4 Qd7 20. Rad1 Rad8 21. Nxg6
fxg6 22. Bxg6 hxg6 23. Qxg6+ Kh8 24. Qh6+ Kg8 25. Qg6+ Kh8 26. Re3 Qd4 27. Rh3+
Bh4 28. Qf6+ Kg8 29. Rxh4 1-0

[Event "13. Lichtenberger Sommer"]
[Site "?"]
[Date "2014.08.20"]
[Round "5.88"]
[White "Lischeid, Kilian"]
[Black "Radloff, Rainer"]
[Result "1-0"]
[WhiteElo "1642"]
[BlackElo "1706"]
[PlyCount "49"]
[EventDate "2014.??.??"]
[WhiteTeam "Schachunion Berlin e.V."]
[BlackTeam "SC Weisse Dame e.V."]

1. c4 c5 2. Nc3 Nc6 3. Nf3 Nf6 4. d4 cxd4 5. Nxd4 a6 6. g3 d6 7. Bg2 Bd7 8. O-O
Nxd4 9. Qxd4 Bc6 10. Rd1 Bxg2 11. Kxg2 e6 12. b3 Be7 13. Bb2 O-O 14. e4 Qc7 15.
Rac1 Rfd8 16. f4 Qc5 17. Kf3 Qh5+ 18. Kg2 Qc5 19. h3 Nh5 20. Kf3 g6 21. Nd5
Qxd4 22. Nxe7+ Kf8 23. Nxg6+ hxg6 24. Rxd4 Rac8 25. Ba3 1-0

[Event "13. Lichtenberger Sommer"]
[Site "?"]
[Date "2014.08.20"]
[Round "5.89"]
[White "Wilke, Hans-Peter"]
[Black "Getzuhn, Detlef"]
[Result "0-1"]
[WhiteElo "1474"]
[BlackElo "1896"]
[PlyCount "92"]
[EventDate "2014.??.??"]
[WhiteTeam "SVG Läufer Reinickendorf e.V."]
[BlackTeam "SV Senat"]

1. b4 c6 2. Bb2 a5 3. a3 axb4 4. axb4 Rxa1 5. Bxa1 Qb6 6. c3 d5 7. Nf3 f6 8. d4
Bg4 9. Nbd2 e6 10. h3 Bxf3 11. Nxf3 Bd6 12. e3 Ne7 13. Be2 O-O 14. O-O Nd7 15.
Qc2 e5 16. Rb1 e4 17. Nd2 Ra8 18. Nb3 f5 19. Nc5 Bxc5 20. bxc5 Qc7 21. c4 f4
22. Bg4 Nf8 23. cxd5 cxd5 24. Bc3 g6 25. exf4 h5 26. Bd1 Ne6 27. g3 Kh7 28. f3
Nf5 29. fxe4 Nxg3 30. e5 Nxf4 31. Qh2 h4 32. Bg4 Ra3 33. Qb2 Rxc3 34. Qxb7 Rc1+
35. Kf2 Qxb7 36. Rxb7+ Kh6 37. e6 Rf1+ 38. Ke3 Nxe6 39. Rd7 Nf4 40. c6 Ng2+ 41.
Kd2 Ne4+ 42. Kc2 Ne3+ 43. Kb2 Rf2+ 44. Ka3 Nc4+ 45. Kb3 Rb2+ 46. Ka4 Nc3# 0-1

[Event "13. Lichtenberger Sommer"]
[Site "?"]
[Date "2014.08.20"]
[Round "5.90"]
[White "Günther, Boris"]
[Black "Guasti, Duccio"]
[Result "1-0"]
[WhiteElo "1538"]
[BlackElo "1754"]
[PlyCount "53"]
[EventDate "2014.??.??"]
[WhiteTeam "SF Friedrichshagen"]
[BlackTeam "BSC Rehberge 1945 e.V."]

1. d4 c5 2. d5 d6 3. e4 Nf6 4. Bd3 b5 5. Bxb5+ Nbd7 6. Nc3 Qb6 7. Nge2 g6 8. f4
Bg7 9. a4 a5 10. Bc6 Rb8 11. e5 dxe5 12. fxe5 Ng4 13. e6 c4 14. Bxd7+ Bxd7 15.
exd7+ Kxd7 16. Rf1 Nxh2 17. Rf4 Be5 18. Nb5 Bxf4 19. Bxf4 Ng4 20. Ned4 h5 21.
Bxb8 Qf6 22. Bg3 Ne3 23. Qf3 Qg5 24. Ke2 Nxd5 25. Rd1 e6 26. Qxf7+ Kc8 27. Nxe6
1-0

[Event "13. Lichtenberger Sommer"]
[Site "?"]
[Date "2014.08.20"]
[Round "5.91"]
[White "Müller, Johannes"]
[Black "Rau, Joshua"]
[Result "1-0"]
[WhiteElo "1845"]
[BlackElo "1624"]
[PlyCount "49"]
[EventDate "2014.??.??"]
[WhiteTeam "SC Eintracht Berlin e.V."]
[BlackTeam "Schachunion Berlin e.V."]

1. e4 e5 2. Nc3 Nf6 3. g3 Bc5 4. Bg2 Nc6 5. d3 d6 6. h3 Be6 7. Na4 Bb6 8. Nxb6
axb6 9. c4 Qd7 10. Ne2 Nd4 11. f4 Qe7 12. f5 Bd7 13. O-O g6 14. g4 h6 15. Nxd4
exd4 16. Bf4 Nh7 17. Qe1 c5 18. Qg3 f6 19. Bxd6 Qf7 20. e5 fxe5 21. Bd5 Qf6 22.
Bxe5 Qe7 23. Rae1 O-O-O 24. Bc7 Qf6 25. Bb8 1-0

[Event "13. Lichtenberger Sommer"]
[Site "?"]
[Date "2014.08.20"]
[Round "5.92"]
[White "Toth, Hans-Jürgen"]
[Black "Krusemark, Gerhard"]
[Result "0-1"]
[WhiteElo "1631"]
[BlackElo "1755"]
[PlyCount "92"]
[EventDate "2014.??.??"]
[WhiteTeam "Schachfreunde Zehdenick 76 e.V."]
[BlackTeam "TSG Rot-Weiß Fredersdorf/Vogelsd"]

1. f4 d5 2. Nf3 g6 3. e3 c5 4. d4 cxd4 5. Qxd4 Nf6 6. Bb5+ Bd7 7. Bxd7+ Nbxd7
8. O-O Bg7 9. Qa4 O-O 10. c3 Nb6 11. Qb3 e6 12. Nbd2 Qc7 13. Ne5 Nfd7 14. Nxd7
Nxd7 15. Nf3 Nc5 16. Qc2 Ne4 17. Nd2 Nd6 18. Nf3 Rac8 19. Bd2 Ne4 20. Be1 Qb6
21. Qe2 Bh6 22. Ne5 Rfd8 23. Bh4 f6 24. Ng4 Bg7 25. Nf2 Nd6 26. Nd3 Rc4 27. Be1
Re4 28. Rf3 Nf5 29. Bf2 d4 30. Re1 dxc3 31. bxc3 Bf8 32. g4 Nd6 33. Qc2 Qc6 34.
Rh3 Rc4 35. Nb4 Rxb4 36. Bh4 Ne4 37. Rd1 Rc8 38. Rd4 Rxd4 39. exd4 Nxc3 40.
Bxf6 Ne4 41. Qxc6 Rxc6 42. Be5 Rc3 43. Rh4 Bg7 44. g5 Bxe5 45. fxe5 Nxg5 46. a4
Nf3+ 0-1

[Event "13. Lichtenberger Sommer"]
[Site "?"]
[Date "2014.08.20"]
[Round "5.93"]
[White "Prix, Siegfried"]
[Black "Bui, Bao Anh Le"]
[Result "1-0"]
[WhiteElo "1777"]
[BlackElo "1576"]
[PlyCount "105"]
[EventDate "2014.??.??"]
[WhiteTeam "Sfrd. Berlin 1903 e.V."]
[BlackTeam "SV Mattnetz Berlin e.V."]

1. e4 c5 2. c4 Nc6 3. Nf3 d6 4. d4 cxd4 5. Nxd4 g6 6. Nc3 Bg7 7. Be3 Nf6 8. Be2
O-O 9. O-O a6 10. Rc1 e6 11. a3 Qe7 12. b4 Rd8 13. Nxc6 bxc6 14. Bb6 Rd7 15.
Be3 Bb7 16. Qc2 d5 17. Rfd1 Rad8 18. Bc5 Qe8 19. e5 Ne4 20. Nxe4 dxe4 21. Rxd7
Rxd7 22. Qxe4 Qd8 23. Qe3 h5 24. Bd6 Kh7 25. c5 Bh6 26. f4 Qh4 27. Rf1 Kg7 28.
g3 Qd8 29. Qd3 Kg8 30. Rd1 Bf8 31. Bf3 Qc8 32. Be4 Qe8 33. Qe2 Qd8 34. Qf3 Qc8
35. a4 Bg7 36. h3 Rd8 37. b5 axb5 38. axb5 Bf8 39. bxc6 Ba6 40. c7 Rd7 41. c6
Rxc7 42. Bxc7 Qxc7 43. Kh2 Bc8 44. Qd3 Be7 45. Ra1 Qb8 46. Rb1 Qa7 47. Bg2 Kg7
48. Qb5 Qc7 49. Qb8 Bd8 50. Qxc7 Bxc7 51. Ra1 g5 52. Ra8 gxf4 53. gxf4 1-0

[Event "13. Lichtenberger Sommer"]
[Site "?"]
[Date "2014.08.20"]
[Round "5.94"]
[White "Kostanyan, Hakob"]
[Black "Bullig, Reinhard"]
[Result "1/2-1/2"]
[WhiteElo "1517"]
[BlackElo "1772"]
[PlyCount "92"]
[EventDate "2014.??.??"]
[WhiteTeam "SC Weisse Dame e.V."]
[BlackTeam "Sfrd. Berlin 1903 e.V."]

1. e4 e6 2. d4 d5 3. Nd2 Nf6 4. Bd3 c5 5. c3 Nc6 6. Ngf3 Be7 7. O-O O-O 8. Qc2
dxe4 9. Nxe4 Nxe4 10. Bxe4 g6 11. Rd1 cxd4 12. cxd4 Nb4 13. Qb3 Nd5 14. Bd2 b6
15. Rac1 f6 16. Qc4 Bb7 17. Qe2 Bd6 18. Bd3 Qe7 19. Re1 Nf4 20. Bxf4 Bxf4 21.
Rc2 Bd5 22. Be4 Bxe4 23. Qxe4 e5 24. g3 Bh6 25. dxe5 fxe5 26. Qxe5 Qxe5 27.
Nxe5 Rac8 28. Rce2 Rc1 29. Nd7 Rxe1+ 30. Rxe1 Rd8 31. Nf6+ Kg7 32. Ng4 Bg5 33.
f4 Bf6 34. b3 Rd2 35. a3 Bd4+ 36. Kf1 h5 37. Ne3 Rxh2 38. Ng2 Rh1+ 39. Ke2
Rxe1+ 40. Nxe1 Kf6 41. Kf3 Kf5 42. Nc2 Bf6 43. Ne3+ Ke6 44. Ke4 b5 45. Nd5 Bd8
46. Nc3 a6 1/2-1/2

[Event "13. Lichtenberger Sommer"]
[Site "?"]
[Date "2014.08.20"]
[Round "5.95"]
[White "König, Dennis"]
[Black "Bolle, Dietrich"]
[Result "1-0"]
[WhiteElo "1620"]
[BlackElo "1655"]
[PlyCount "33"]
[EventDate "2014.??.??"]
[WhiteTeam "SV Königsjäger Süd-West e.V."]
[BlackTeam "SG Eckturm"]

1. d4 Nf6 2. Nf3 e6 3. Bf4 d5 4. e3 Be7 5. Bd3 Nbd7 6. Nbd2 c5 7. c3 a6 8. O-O
b5 9. Ne5 O-O 10. Nc6 Qe8 11. e4 Bb7 12. Nxe7+ Qxe7 13. e5 Ne8 14. Nf3 c4 15.
Bxh7+ Kxh7 16. Ng5+ Kh8 17. Qh5+ 1-0

[Event "13. Lichtenberger Sommer"]
[Site "?"]
[Date "2014.08.20"]
[Round "5.96"]
[White "Stark, Steven"]
[Black "Fuchs, Linda"]
[Result "1/2-1/2"]
[WhiteElo "1502"]
[BlackElo "1596"]
[PlyCount "191"]
[EventDate "2014.??.??"]
[WhiteTeam "VfB Hermsdorf e.V."]
[BlackTeam "SC Untergrombach 46"]

1. d4 d5 2. Nf3 Nf6 3. g3 e6 4. Bg5 Be7 5. Bxf6 Bxf6 6. Bg2 O-O 7. O-O b6 8. c3
Qd6 9. a4 a5 10. Na3 Ba6 11. Re1 c5 12. e3 Nc6 13. Nb5 Qd7 14. Bh3 Na7 15. dxc5
bxc5 16. Nxa7 Qxa7 17. Qc2 Rfd8 18. Red1 Rab8 19. Rd2 Bc4 20. Bf1 Bxf1 21. Rxf1
Qb7 22. Ne1 c4 23. Nf3 e5 24. Rfd1 g6 25. Ne1 Rd7 26. Ng2 Rbd8 27. Rb1 Qc6 28.
b4 cxb3 29. Qxb3 d4 30. cxd4 exd4 31. Rc2 Qe4 32. Rc4 h5 33. Qb6 h4 34. Rf1 Be5
35. Nxh4 Ra8 36. Qc6 Qxc6 37. Rxc6 d3 38. Rd1 d2 39. Nf3 Bg7 40. Kf1 Rb8 41.
Rc2 Rb4 42. Ra2 Bc3 43. Ke2 Rc7 44. Nxd2 Bf6 45. Nf3 Rc5 46. Rd6 Be7 47. Ra6
Kg7 48. Nd4 Rbc4 49. Kf3 Bf6 50. Nb5 Bd8 51. Rd6 Bf6 52. Ra6 Bd8 53. h3 Rf5+
54. Kg2 Rfc5 55. Ra8 Bb6 56. Rb8 Rc6 57. Rb7 Bd8 58. Rd7 Bc7 59. Nd4 Rd6 60.
Rxd6 Bxd6 61. Nb5 Be5 62. Kf3 f5 63. Nd4 Bxd4 64. exd4 Rxd4 65. Ke3 Rb4 66. Kd3
Kf6 67. f3 Rb3+ 68. Ke2 Ke5 69. Rc2 Kd6 70. h4 Rb4 71. Ra2 Rb3 72. Rd2+ Kc5 73.
Rd8 Rb4 74. Rg8 Rb6 75. Ke3 Kb4 76. Kf4 Kxa4 77. Kg5 Kb3 78. Rxg6 Rxg6+ 79.
Kxg6 a4 80. h5 a3 81. h6 a2 82. h7 a1=Q 83. g4 fxg4 84. fxg4 Qa6+ 85. Kg7 Qb7+
86. Kg8 Qc8+ 87. Kf7 Qd7+ 88. Kg8 Qxg4+ 89. Kf7 Qh5+ 90. Kg8 Qg6+ 91. Kh8 Qf6+
92. Kg8 Qg6+ 93. Kh8 Qf5 94. Kg8 Qe6+ 95. Kg7 Qe7+ 96. Kg8 1/2-1/2

[Event "13. Lichtenberger Sommer"]
[Site "?"]
[Date "2014.08.20"]
[Round "5.97"]
[White "Home, Marcus"]
[Black "Casny, Guenter"]
[Result "0-1"]
[WhiteElo "1307"]
[BlackElo "1854"]
[PlyCount "82"]
[EventDate "2014.??.??"]
[WhiteTeam "1. Schachclub Anhalt"]
[BlackTeam "SC Rochade e.V."]

1. d4 d5 2. c4 dxc4 3. Nc3 a6 4. a4 Nf6 5. e4 e6 6. Bxc4 Bb4 7. Bg5 h6 8. Bxf6
Qxf6 9. Nf3 O-O 10. O-O c5 11. e5 Qe7 12. dxc5 Bxc3 13. bxc3 Qxc5 14. Qd4 Nd7
15. Rfd1 b6 16. Qxc5 Nxc5 17. Rd6 Bd7 18. Rxb6 Bxa4 19. Kf1 Rfc8 20. Bxa6 Rxa6
21. Rxa6 Bb5+ 22. Ke1 Bxa6 23. Ra5 Bb7 24. Ke2 Bxf3+ 25. Kxf3 Nd7 26. Kg4 Rxc3
27. f4 Rc2 28. Kg3 g6 29. h4 h5 30. Kf3 Rd2 31. g3 Rd3+ 32. Kf2 Kg7 33. Ra6 Nc5
34. Rb6 Ne4+ 35. Ke2 Rxg3 36. Rb4 Nc3+ 37. Kf2 Nd5 38. Ra4 Rg4 39. Kf3 Rxh4 40.
Kg3 g5 41. Kf3 Rxf4+ 0-1

[Event "13. Lichtenberger Sommer"]
[Site "?"]
[Date "2014.08.20"]
[Round "5.98"]
[White "Kasper, Peter"]
[Black "Kaufmann, Mathias"]
[Result "1-0"]
[WhiteElo "1764"]
[BlackElo "1559"]
[PlyCount "43"]
[EventDate "2014.??.??"]
[WhiteTeam "SG Eckturm"]

1. e4 c5 2. Nf3 Nc6 3. d4 cxd4 4. c3 dxc3 5. Nxc3 d6 6. Bc4 h6 7. Qe2 Nf6 8. h3
Bd7 9. O-O Qa5 10. a3 Qh5 11. Nh2 Qg6 12. Kh1 Nd4 13. Qd3 Nc6 14. f4 Rd8 15.
Bd2 e6 16. Rae1 Be7 17. f5 Ne5 18. fxg6 Nxd3 19. gxf7+ Kxf7 20. Bxd3 Ke8 21. e5
Nh5 22. Bg6# 1-0

[Event "13. Lichtenberger Sommer"]
[Site "?"]
[Date "2014.08.20"]
[Round "5.99"]
[White "Krawatzki, Armin"]
[Black "Gnaß, Erhard"]
[Result "1-0"]
[WhiteElo "1689"]
[BlackElo "1539"]
[PlyCount "57"]
[EventDate "2014.??.??"]
[WhiteTeam "SVG Läufer Reinickendorf e.V."]
[BlackTeam "SK Zehlendorf e.V."]

1. Nf3 d5 2. c4 c6 3. b3 Nf6 4. Bb2 g6 5. g3 Bg7 6. Bg2 O-O 7. O-O Nbd7 8. d3
Re8 9. Nbd2 e5 10. cxd5 Nxd5 11. Rc1 Nf8 12. Nc4 f6 13. Ba3 Nb6 14. Nd6 Re6 15.
Nxc8 Rxc8 16. Bh3 f5 17. e4 Qf6 18. exf5 gxf5 19. Nh4 Ree8 20. Nxf5 Rc7 21.
Bxf8 Rxf8 22. Qe2 Nd5 23. Rc4 Ne7 24. Nxg7 Kxg7 25. f4 Qh6 26. Qxe5+ Kf7 27.
Qxc7 Qxh3 28. Re4 Re8 29. Rfe1 1-0

[Event "13. Lichtenberger Sommer"]
[Site "?"]
[Date "2014.08.20"]
[Round "5.100"]
[White "Lange, Johannes Friedrich"]
[Black "Dietzel, Uwe"]
[Result "0-1"]
[WhiteElo "1268"]
[BlackElo "1705"]
[PlyCount "104"]
[EventDate "2014.??.??"]
[WhiteTeam "Schachunion Berlin e.V."]
[BlackTeam "TSV Lichtentanne SAbt"]

1. d4 d5 2. c4 e6 3. Nc3 Be7 4. Nf3 Nf6 5. Bg5 O-O 6. e3 h6 7. Bf4 b6 8. Bd3
dxc4 9. Bxc4 Bb7 10. O-O a6 11. Rc1 Nbd7 12. a3 b5 13. Bd3 c5 14. dxc5 Nxc5 15.
Bc2 Rc8 16. Qxd8 Rfxd8 17. Rfd1 Nce4 18. Nxe4 Rxd1+ 19. Rxd1 Rxc2 20. Nxf6+
Bxf6 21. b4 Ra2 22. h3 Bxf3 23. gxf3 Rxa3 24. Bd6 Ra2 25. Bc5 Ra1 26. Rxa1 Bxa1
27. Kg2 Bc3 28. Kg3 a5 29. bxa5 Bxa5 30. Kf4 Be1 31. e4 b4 32. Ke3 e5 33. Ke2
b3 34. Kd3 Kh7 35. Be7 Bxf2 36. Kc3 Kg6 37. Kxb3 Kh5 38. Kc4 Bh4 39. Bxh4 Kxh4
40. Kd5 f6 41. Ke6 Kxh3 42. Kf7 Kg3 43. Kg6 Kxf3 44. Kh5 Kxe4 45. Kg4 f5+ 46.
Kg3 g5 47. Kg2 f4 48. Kf2 g4 49. Kg2 Ke3 50. Kg1 Ke2 51. Kg2 f3+ 52. Kg1 f2+
0-1